000 00721nam a2200289Ia 4500
005 20260324150225.0
008 008 260324s9999 xx 000 0 eng d
020 _a9781003585589
037 _aEBOOK
040 _aCRL
040 _beng
040 _cCRL
041 _2eng
041 _aeng
084 _qCRL
100 _aNils Ørvik
_91220925
245 4 _aThe Decline of Neutrality 1914–41
245 0 _bWith Special Reference to the United States and the Northern Neutrals
260 _bTaylor and Francis
260 _c1971
365 _a
365 _b165
856 _uhttp://www.taylorfrancis.com/books/9781003585589
942 _cEBOOK
999 _c1834771
_d1834771